Phyllotaxis : a systemic study of plant pattern morphogenesis /

Guardado en:
Autor Principal: Jean, Roger V.
Formato: Libro
Idioma:English
Publicado: Cambridge [England] ; New York : Cambridge University Press, 1994.
Etiquetas: Agregar Etiqueta
Sin Etiquetas, Sea el primero en etiquetar este registro!
LEADER 00591cam a2200157 a 4500
001 EEA.libagro009408
005 20161013111841.0
008 930312s1994####enka#####b####001#0#eng##
020 |a 0521404827 
082 0 0 |a 581.332 
100 1 |a Jean, Roger V. 
245 1 0 |a Phyllotaxis :  |b a systemic study of plant pattern morphogenesis /  |c Roger V. Jean. 
260 |a Cambridge [England] ;  |a New York :  |b Cambridge University Press,  |c 1994. 
300 |a xiv, 386 p. :  |b il. ;  |c 24 cm. 
504 |a Incluye referencias bibliográficas (p. 333-371) e índices. 
859 |a AR-BbBCA  |b BIB. AGRONOMIA  |h 581.332  |i J43  |p 1997/2921